000
00277nam a22001337a 4500
008
170821b xxu||||| |||| 00| 0 eng d
020
_a
9780619616824953
041
_a
eng
080
_a
51
100
_a
37
101
_a
MAT
245
_a
ALGEBAR
_c
BARKER.A
942
_2
udc
_c
BK
999
_c
24375
_d
24375